000 00940cab a2200241 4500
001 WB3132-44
008 090401t1995 xxu||||| |||| 00| 0 eng d
035 _a(Sirsi) u57343
041 _aeng
245 _aTenant`s eviction was not an emergency
260 _c1995
350 _a0
490 _aIndependent
_v1 September 1995, 18(1)
520 _aIn "R v Bristol CC ex p Bradic" CA 19 July 1995, it was held that a tenant`s unlawful eviction by his landlord did not constitute an emergency within the meaning of s59(1)(d) of the Housing Act 1985 so as to put him in priority need of accommodaiton by the local authority. Appeal allowed.
650 _aHOUSING ACT 1985 S59(1)(D)
650 _aPRIORITY ACCOMODAITON NEED
650 _aR V BRISTOL CITY COUNCIL EX P BRADIC
650 _aS59(1)(D) HOUSING ACT 1985
650 _aUNLAWFUL EVICTION
690 _aLANDLORD AND TENANT-CASE LAW
942 _n0
948 _c04/03/1997
999 _c34953
_d34953